000 01235nam a22002537a 4500
003 OSt
005 20240305094856.0
007 ta
008 201103b 2019 dr 00| 0 eng d
020 _a9789945617276
040 _aDO-SdBNP
_bspa
_cBNPHU
082 4 _aRD863.44
_bP328a
_222
100 1 _aMartín Paulino, José,
_d1963-
_934433
245 1 0 _aAntes de que la casa se derrumbe /
_cJosé Martín Paulino
260 _aSanto Domingo :
_bSantuario,
_c2019.
300 _a112 p. ;
_c23 cm.
500 _aIncluye datos biográficos del autor en la cubierta frontal.
505 _tBajo el árbol --
_tEl milagro --
_tUn modelo de prosperidad --
_tRosas negras --
_tEl derrumbe --
_tLa herencia de Domingo Peralta --
_tEn la sombra --
_tVitamina --
_tUn hombre generoso --
_tLos coco del diablo --
_tLa sorpresa --
_tLa cirugía del alma --
_tEl sabio desinteresado --
_tLa otra ironía --
_tCuando esta terminada la casa --
_tEl despertar --
_tUna mala jugada --
_tDescendientes de Caín I --
_tLa gula --
_tLos celebrantes --
_tDescendientes de Caín II --
590 _aInventariado, 2020 /LP
650 4 _aCuentos dominicanos
650 4 _aLiteratura dominicana
910 _aLopérez./Validado. Control de calidad MFF
942 _2ddc
_cLBS1
999 _c49025
_d49025